[Event "24th Panam-ch"]
[Site "Natal BRA"]
[Date "2014.10.18"]
[Round "1"]
[White "Prado Filho, Ricardo de Almeida"]
[Black "Alarcon Bahamondes, Roberto"]
[Result "0-1"]
[WhiteElo "1893"]
[BlackElo "2276"]
[EventDate "2014.10.18"]
[PlyCount "110"]

1.d4 Nf6 2.c4 e6 3.Nc3 Bb4 4.e3 O-O 5.Ne2 Re8 6.a3 Bf8 7.Nf4 a5 8.Bd3 d6 
9.O-O e5 10.Nfe2 g6 11.f4 exd4 12.exd4 Ng4 13.Rf3 f5 14.b3 Bg7 15.h3 Nf6 
16.Bb2 c6 17.d5 c5 18.Qd2 Bd7 19.Kh2 Na6 20.Nb5 Bxb5 21.cxb5 Nc7 22.Nc3 
Ng4+ 23.Kh1 Qh4 24.Nd1 Qe1+ 25.Qxe1 Rxe1+ 26.Rf1 Rxf1+ 27.Bxf1 Nf2+ 28.
Nxf2 Bxb2 29.Ra2 Bd4 30.Bc4 Re8 31.g3 Na8 32.Kg2 a4 33.bxa4 Nb6 34.Re2 Ra8
35.Bb3 c4 36.Bc2 Nxd5 37.Kf3 Bc5 38.g4 Kg7 39.Nd1 Bxa3 40.gxf5 gxf5 41.Ne3
Nxe3 42.Rxe3 Bc5 43.Re7+ Kf6 44.Rxb7 Re8 45.Bd1 Re3+ 46.Kg2 c3 47.Kf1 Rd3 
48.Ke2 Rd2+ 49.Ke1 Bf2+ 50.Kf1 Rxd1+ 51.Kxf2 c2 52.Rc7 c1=Q 53.Rxc1 Rxc1 
54.b6 Ra1 55.b7 Rb1 0-1

[Event "24th Panam-ch"]
[Site "Natal BRA"]
[Date "2014.10.18"]
[Round "1"]
[White "Luz, Arthur Nader"]
[Black "Feliciano Ebert, Vanessa"]
[Result "0-1"]
[WhiteElo "1885"]
[BlackElo "2252"]
[EventDate "2014.10.18"]
[PlyCount "92"]

1.d4 Nf6 2.c4 e6 3.Nc3 Bb4 4.e3 O-O 5.Ne2 d5 6.a3 Bd6 7.c5 Be7 8.b4 b6 9.
Nf4 c6 10.Be2 bxc5 11.bxc5 Qc7 12.O-O Nbd7 13.Nd3 e5 14.dxe5 Nxe5 15.Nxe5 
Qxe5 16.Bb2 Rb8 17.Qc1 Bg4 18.f4 Qe6 19.Bxg4 Nxg4 20.Nd1 Bf6 21.Bxf6 Nxf6 
22.Nc3 Qe7 23.Ne2 Ne4 24.Nd4 Rfc8 25.Qc2 Nxc5 26.Nf5 Qf8 27.Rab1 Nd7 28.
Rxb8 Nxb8 29.Rf3 Nd7 30.Nxg7 Kxg7 31.Qf5 Qe7 32.Rh3 h6 33.Qg4+ Kf8 34.Rxh6
Qxe3+ 35.Kf1 Rb8 36.Rh8+ Ke7 37.Qg5+ Kd6 38.Rxb8 Nxb8 39.Qf6+ Qe6 40.Qxe6+
Kxe6 41.g4 Nd7 42.Kf2 Nf6 43.Kf3 c5 44.g5 Ne4 45.h4 Kf5 46.h5 Nxg5+ 0-1

[Event "24th Panam-ch"]
[Site "Natal BRA"]
[Date "2014.10.18"]
[Round "1"]
[White "Dantas, Rhuan de Araujo"]
[Black "Ibar, Marcelo"]
[Result "0-1"]
[WhiteElo "1719"]
[BlackElo "2155"]
[EventDate "2014.10.18"]
[PlyCount "102"]

1.e4 c5 2.Nf3 Nc6 3.Nc3 g6 4.d4 cxd4 5.Nxd4 Bg7 6.Be3 d6 7.Bc4 Nf6 8.O-O 
O-O 9.h3 Nxe4 10.Bxf7+ Rxf7 11.Nxe4 Nxd4 12.Bxd4 Qa5 13.Bxg7 Rxg7 14.Nc3 
Bd7 15.Qd5+ Qxd5 16.Nxd5 Rc8 17.c3 Rc5 18.Ne3 g5 19.Rfe1 Kf8 20.g4 h5 21.
Re2 hxg4 22.hxg4 Rf7 23.Rae1 Rf4 24.Kh2 Re5 25.Kg3 Bb5 26.Rd2 Bc6 27.Rg1 
Ree4 28.Kh3 e6 29.Nc2 Ke7 30.Nd4 Bd7 31.f3 Re3 32.Rg3 e5 33.Nc2 Rexf3 34.
Rg2 Bxg4+ 35.Kh2 Rxg3 36.Rxg3 Rf2+ 37.Rg2 Rxg2+ 38.Kxg2 Be6 39.a3 d5 40.
Kf2 Bf5 41.Ne3 Ke6 42.a4 d4 43.cxd4 exd4 44.Nc4 Kd5 45.Nd2 a5 46.b3 Bc2 
47.Kf3 Kc5 48.Kg4 Kb4 49.Kxg5 Kc3 50.Nc4 d3 51.Nxa5 d2 0-1

[Event "24th Panam-ch"]
[Site "Natal BRA"]
[Date "2014.10.19"]
[Round "2"]
[White "Molina, Roberto Junio Brito"]
[Black "Zallio, Luciano de Souza"]
[Result "1-0"]
[WhiteElo "2425"]
[BlackElo "2150"]
[EventDate "2014.10.18"]
[PlyCount "101"]

1.d4 Nf6 2.c4 e6 3.Nc3 Bb4 4.e3 c5 5.Ne2 O-O 6.a3 Bxc3+ 7.Nxc3 b6 8.d5 
exd5 9.cxd5 d6 10.Bd3 Nbd7 11.O-O Ne5 12.Be2 a6 13.e4 Re8 14.f3 Ng6 15.Be3
Bb7 16.Qd2 Qe7 17.Rfe1 Rac8 18.Bf1 Rc7 19.Rad1 h6 20.h3 Qd8 21.Bf2 Nh5 22.
b3 Bc8 23.b4 Qf6 24.bxc5 bxc5 25.Be3 Nh4 26.Bf2 Ng6 27.Kh2 Ne5 28.Qe3 g5 
29.Ne2 Nc4 30.Qc1 Ne5 31.Be3 Bxh3 32.gxh3 Nxf3+ 33.Kh1 Nxe1 34.Rxe1 Qf3+ 
35.Bg2 Ng3+ 36.Nxg3 Qxg3 37.Rf1 Rb8 38.Bg1 Qe5 39.Bh2 Qe7 40.Qe1 Rcb7 41.
e5 Rb3 42.e6 f6 43.Qe4 Kg7 44.Bf3 f5 45.Qxf5 Rf8 46.Qe4 Rxa3 47.Be2 Rxf1+ 
48.Bxf1 Ra1 49.Kg2 Rd1 50.Bg1 Qf6 51.Be2 1-0

[Event "24th Panam-ch"]
[Site "Natal BRA"]
[Date "2014.10.19"]
[Round "2"]
[White "Araujo, Sergio Murilo"]
[Black "Quintiliano Pinto, Renato Rodrigues"]
[Result "0-1"]
[WhiteElo "2109"]
[BlackElo "2378"]
[EventDate "2014.10.18"]
[PlyCount "64"]

1.c4 e6 2.Nc3 d5 3.e3 Nf6 4.Nf3 c6 5.d4 Nbd7 6.Bd3 dxc4 7.Bxc4 b5 8.Bd3 a6
9.e4 c5 10.d5 c4 11.Bc2 Qc7 12.O-O Bb7 13.dxe6 fxe6 14.Nd4 Qb6 15.Be3 Bc5 
16.a4 O-O 17.axb5 axb5 18.Rxa8 Rxa8 19.Re1 Rd8 20.Ndxb5 Bxe3 21.Rxe3 Ne5 
22.Qe2 Ba6 23.Ba4 Nfd7 24.Qh5 Rf8 25.h3 Rxf2 26.Kxf2 Nd3+ 27.Kf1 Qxe3 28.
Qe2 Qc1+ 29.Nd1 N7c5 30.Nc3 Nxa4 31.Nxa4 c3 32.Kg1 c2 0-1

[Event "24th Panam-ch"]
[Site "Natal BRA"]
[Date "2014.10.19"]
[Round "2"]
[White "De Lima, Carlos Alexandre"]
[Black "Pereira, Silvio Cunha"]
[Result "1-0"]
[WhiteElo "2094"]
[BlackElo "2335"]
[EventDate "2014.10.18"]
[PlyCount "105"]

1.e4 e5 2.f4 exf4 3.Nf3 d5 4.exd5 Nf6 5.Bb5+ c6 6.dxc6 bxc6 7.Be2 Bd6 8.
O-O O-O 9.d4 Nbd7 10.Nbd2 Nb6 11.c4 Bc7 12.Qc2 h6 13.b3 g5 14.Bb2 Ng4 15.
Bd3 f5 16.d5 c5 17.h3 Nf6 18.Bxf5 Bxf5 19.Qxf5 Qd7 20.Qg6+ Qg7 21.Qxg7+ 
Kxg7 22.Ne4 Nd7 23.Bxf6+ Nxf6 24.Rfe1 Nd7 25.Nexg5 hxg5 26.Nxg5 Be5 27.
Ne6+ Kf6 28.Nxf8 Rxf8 29.Rad1 Rg8 30.Kf1 Kf5 31.Re2 Nf6 32.b4 cxb4 33.d6 
Ne4 34.g4+ fxg3 35.d7 Bf6 36.Kg2 Rd8 37.Rf1+ Nf2 38.Kxg3 Be5+ 39.Kxf2 Rxd7
40.Kg2+ Ke6 41.Rfe1 Rg7+ 42.Kf3 Rf7+ 43.Kg2 Rg7+ 44.Kh1 Rg5 45.h4 Rh5 46.
Rxe5+ Rxe5 47.Rxe5+ Kxe5 48.h5 a5 49.h6 Kf6 50.c5 a4 51.h7 Kg7 52.c6 b3 
53.h8=Q+ 1-0

[Event "24th Panam-ch"]
[Site "Natal BRA"]
[Date "2014.10.19"]
[Round "3"]
[White "Shabalov, Alexander"]
[Black "Alarcon Bahamondes, Roberto"]
[Result "1-0"]
[WhiteElo "2499"]
[BlackElo "2276"]
[EventDate "2014.10.18"]
[PlyCount "133"]

1.d4 Nf6 2.c4 e6 3.Nf3 Bb4+ 4.Nbd2 b6 5.g3 Bb7 6.Bg2 O-O 7.O-O Re8 8.Qc2 
Bxd2 9.Bxd2 Be4 10.Qb3 d6 11.Rad1 Nbd7 12.Rfe1 Qc8 13.Bh3 h6 14.Bc3 Bb7 
15.Nd2 d5 16.Qa3 a5 17.b3 c5 18.dxc5 Qxc5 19.Qxc5 bxc5 20.cxd5 exd5 21.
Bxf6 Nxf6 22.Rc1 Bc8 23.Bf1 Nd7 24.Bg2 Bb7 25.Bh3 Ne5 26.f4 Nc6 27.Bd7 Re7
28.Bxc6 Bxc6 29.Rxc5 Bb7 30.a4 Re3 31.Kf2 d4 32.Rb5 Bc6 33.Rc5 Bb7 34.Nc4 
Rxb3 35.Nxa5 Rb4 36.Nxb7 Rxb7 37.Ra1 Rb2 38.Rd5 Re8 39.Re1 Rb4 40.a5 Ra4 
41.h4 Ra2 42.h5 d3 43.Rxd3 Rxa5 44.g4 f5 45.Kf3 fxg4+ 46.Kxg4 Ra2 47.e4 
Ra4 48.Kf3 Rf8 49.Rd7 Ra3+ 50.Re3 Ra1 51.Kg4 Ra4 52.Re7 Rd8 53.Rc3 Kh8 54.
Rcc7 Rg8 55.Kf5 Ra5+ 56.e5 Ra1 57.Ke6 Rh1 58.f5 Ra1 59.f6 Ra6+ 60.Kf5 Ra1 
61.f7 Rf8 62.Re8 Rf1+ 63.Ke6 Rxf7 64.Rcc8 Kg8 65.Rxf8+ Rxf8 66.Rxf8+ Kxf8 
67.Kd7 1-0

[Event "24th Panam-ch"]
[Site "Natal BRA"]
[Date "2014.10.19"]
[Round "3"]
[White "Jorquera Cabello, Valentina"]
[Black "Silveira Filho, Neri da Silva"]
[Result "0-1"]
[WhiteElo "2000"]
[BlackElo "2200"]
[EventDate "2014.10.18"]
[PlyCount "128"]

1.e4 c5 2.Nf3 d6 3.Bb5+ Nd7 4.c3 Nf6 5.Qe2 e6 6.O-O Be7 7.d4 O-O 8.Bg5 Ne8
9.Bf4 g5 10.Bc1 Ng7 11.h3 f5 12.exf5 exf5 13.Bc4+ Kh8 14.Re1 Bf6 15.Qd2 
Nb6 16.Bd3 c4 17.Bc2 f4 18.d5 Bf5 19.Na3 Qd7 20.Bxf5 Nxf5 21.b3 Qg7 22.Bb2
g4 23.hxg4 Qxg4 24.Nh2 Qg5 25.Nf3 Qg4 26.Nh2 Qg7 27.Qxf4 Be5 28.Rxe5 dxe5 
29.Qg4 Nd6 30.Qxg7+ Kxg7 31.Ng4 Rae8 32.Re1 e4 33.Ne3 Rc8 34.g4 Kg6 35.
Nac2 Rfe8 36.Nd4 Re5 37.Ba3 Nf7 38.bxc4 Nxc4 39.Nxc4 Rxc4 40.f4 exf3 41.
Nxf3 Rxe1+ 42.Nxe1 Rxg4+ 43.Kf2 Ra4 44.Be7 Kf5 45.Nd3 Ne5 46.Nc5 Rxa2+ 47.
Ke3 b6 48.Nb3 Nd7 49.Nd4+ Ke5 50.c4 Nc5 51.Nc6+ Kf5 52.Nd4+ Kg6 53.Bxc5 
bxc5 54.Ne6 Ra5 55.d6 Ra6 56.Nf8+ Kf7 57.Nxh7 Rxd6 58.Ng5+ Ke7 59.Ne4 Re6 
60.Kd3 Rxe4 61.Kxe4 Kd6 62.Kd3 Ke5 63.Ke3 a5 64.Kd3 Kf4 0-1

[Event "24th Panam-ch"]
[Site "Natal BRA"]
[Date "2014.10.19"]
[Round "3"]
[White "Souza, Rafael Cabral de"]
[Black "Zimmermann, Kleber Renato Pereira"]
[Result "1-0"]
[WhiteElo "2138"]
[BlackElo "1938"]
[EventDate "2014.10.18"]
[PlyCount "123"]

1.e4 c5 2.Nf3 d6 3.Bb5+ Nd7 4.O-O Nf6 5.Re1 a6 6.Bf1 e6 7.a4 Be7 8.c3 b6 
9.d4 Bb7 10.Bd3 h6 11.Nbd2 O-O 12.Qe2 cxd4 13.cxd4 e5 14.d5 Nh5 15.Nf1 f5 
16.Nd4 exd4 17.Qxh5 fxe4 18.Bxe4 Nf6 19.Qg6 Nxe4 20.Bxh6 Bf6 21.Rxe4 Bxd5 
22.Rg4 Qe8 23.Qd3 Qh5 24.Rg6 Kf7 25.Rg5 Bxg5 26.Qf5+ Kg8 27.Qxd5+ Qf7 28.
Qxf7+ Kxf7 29.Bxg5 Rac8 30.Rd1 Rc2 31.b3 Kg6 32.f4 Re8 33.g4 Ree2 34.Rxd4 
Rg2+ 35.Kh1 Rgf2 36.Rxd6+ Kh7 37.Rd1 Rb2 38.Kg1 Rg2+ 39.Kh1 Rgf2 40.Kg1 
Rg2+ 41.Kh1 Rgf2 42.f5 Rxb3 43.Be3 Re2 44.g5 Rexe3 45.Nxe3 Rxe3 46.Rd7 Kg8
47.g6 Kf8 48.Rf7+ Ke8 49.Rxg7 Rf3 50.Rf7 b5 51.Kg2 Rf4 52.axb5 axb5 53.Kg3
Rf1 54.Kg2 Rf4 55.Kg3 Rf1 56.Kg4 Rg1+ 57.Kf4 Rh1 58.Rb7 Rxh2 59.Kg3 Rh1 
60.Kg2 Rh5 61.Rxb5 Ke7 62.f6+ 1-0

[Event "24th Panam-ch"]
[Site "Natal BRA"]
[Date "2014.10.19"]
[Round "3"]
[White "Ferreira, Jose Carlos"]
[Black "Manzi, Luiz Antonio Bardaro"]
[Result "1-0"]
[WhiteElo "1884"]
[BlackElo "2092"]
[EventDate "2014.10.18"]
[PlyCount "89"]

1.d4 Nf6 2.c4 e6 3.Nc3 Bb4 4.e3 b6 5.Ne2 c5 6.a3 Ba5 7.f3 O-O 8.Ng3 Bxc3+ 
9.bxc3 d6 10.Be2 e5 11.e4 Nc6 12.Be3 Qe7 13.O-O Na5 14.Bd3 Be6 15.Qe2 Rac8
16.d5 Bd7 17.Rf2 Ne8 18.f4 f6 19.Raf1 Nc7 20.Qh5 Qf7 21.Qf3 Rcd8 22.Kh1 
Bc8 23.Qe2 Ne8 24.h3 Qc7 25.Rf3 Rd7 26.R1f2 Rdf7 27.f5 Qd7 28.Nf1 Qa4 29.
Rg3 Ba6 30.Nd2 Qxa3 31.Rg4 Qxc3 32.Rh4 g5 33.fxg6 hxg6 34.Rh6 Rg7 35.Qg4 
Bc8 36.Qxc8 Nc7 37.Rh8+ Kxh8 38.Qxf8+ Kh7 39.Qxf6 Qxd3 40.Qh4+ Kg8 41.Qd8+
Kh7 42.Rf8 g5 43.Rh8+ Kg6 44.Bxg5 Rf7 45.Rh6+ 1-0

[Event "24th Panam-ch"]
[Site "Natal BRA"]
[Date "2014.10.20"]
[Round "4"]
[White "Shabalov, Alexander"]
[Black "Bachmann Schiavo, Axel"]
[Result "1-0"]
[WhiteElo "2499"]
[BlackElo "2645"]
[EventDate "2014.10.18"]
[PlyCount "53"]

1.d4 Nf6 2.c4 e6 3.Nc3 Bb4 4.e3 c5 5.Bd3 b6 6.Ne2 O-O 7.O-O Nc6 8.d5 Ne5 
9.e4 d6 10.h3 a6 11.a4 Re8 12.b3 Nxd3 13.Qxd3 Ra7 14.dxe6 fxe6 15.Bg5 h6 
16.Bh4 Rd7 17.Rad1 Bb7 18.f4 Qa8 19.Bxf6 gxf6 20.f5 Bxc3 21.Nxc3 e5 22.
Qg3+ Kh8 23.Qg6 Qd8 24.Qxh6+ Rh7 25.Qd2 Rg8 26.Rf3 Rhg7 27.g4 1-0

[Event "24th Panam-ch"]
[Site "Natal BRA"]
[Date "2014.10.20"]
[Round "4"]
[White "Delgado Ramirez, Neuris"]
[Black "Pichot, Alan"]
[Result "1/2-1/2"]
[WhiteElo "2607"]
[BlackElo "2473"]
[EventDate "2014.10.18"]
[PlyCount "164"]

1.d4 Nf6 2.Bg5 c5 3.Bxf6 gxf6 4.d5 Qb6 5.Qc1 f5 6.e3 Bg7 7.Nc3 Na6 8.Nge2 
Nc7 9.g3 Nb5 10.Nxb5 Qxb5 11.c3 d6 12.Nf4 Qa4 13.Bd3 e5 14.b3 Qa5 15.Nh5 
Rg8 16.Nxg7+ Rxg7 17.O-O Rg6 18.Qc2 Rf6 19.c4 Bd7 20.f4 e4 21.Qb2 Ke7 22.
Be2 Rh8 23.a3 h5 24.h4 Rg8 25.Kf2 Rfg6 26.Rg1 Rh6 27.b4 Qc7 28.Rab1 b6 29.
Qc3 Rh7 30.Rb2 Rc8 31.Rgb1 Ra8 32.Kg2 Be8 33.a4 Bd7 34.a5 bxa5 35.bxa5 Bc8
36.Bd1 Ba6 37.Kh2 Rhh8 38.Ba4 Rab8 39.Bb5 Bxb5 40.cxb5 Rhg8 41.b6 axb6 42.
Rxb6 Rxb6 43.Rxb6 Rb8 44.Qb2 Rxb6 45.axb6 Qb7 46.g4 fxg4 47.f5 c4 48.f6+ 
Kd7 49.Kg3 c3 50.Qxc3 Qxb6 51.Kf4 Qb5 52.Qd4 Qf1+ 53.Kg5 Qf3 54.Qa7+ Kc8 
55.Qa8+ Kc7 56.Qc6+ Kb8 57.Qe8+ Ka7 58.Qxf7+ Kb6 59.Qe7 g3 60.Qxd6+ Kb5 
61.Qc6+ Kb4 62.Qb6+ Kc4 63.Qa6+ Kc3 64.Qa3+ Kd2 65.Qb2+ Kxe3 66.Qc3+ Kf2 
67.Qd2+ Kg1 68.d6 e3 69.Qd4 g2 70.d7 Kh1 71.d8=Q g1=Q+ 72.Kh6 e2 73.Q8d5 
Qg4 74.Qxf3+ Qxf3 75.Qe5 Kg2 76.f7 Kf1 77.Qxh5 Qf6+ 78.Qg6 Qh8+ 79.Qh7 
Qf6+ 80.Qg6 Qh8+ 81.Qh7 Qf6+ 82.Qg6 Qh8+ 1/2-1/2

[Event "24th Panam-ch"]
[Site "Natal BRA"]
[Date "2014.10.20"]
[Round "4"]
[White "Molina, Roberto Junio Brito"]
[Black "Jodorcovsky Werjivker, Paulo"]
[Result "0-1"]
[WhiteElo "2425"]
[BlackElo "2170"]
[EventDate "2014.10.18"]
[PlyCount "80"]

1.e4 c5 2.Nf3 e6 3.d4 cxd4 4.Nxd4 a6 5.c4 Nf6 6.Nc3 Bb4 7.Bd3 Nc6 8.Ne2 d5
9.cxd5 exd5 10.exd5 Nxd5 11.O-O Nxc3 12.Nxc3 O-O 13.Nd5 Bd6 14.Be3 Be6 15.
Nb6 Rb8 16.a3 Bc7 17.Na4 Ne5 18.Be2 Qh4 19.g3 Qh3 20.Nc3 Rbd8 21.Qa4 Ng4 
22.Bxg4 Bxg4 23.Qe4 b5 24.Rfe1 Qh5 25.Bc5 Bf3 26.Qe3 Bd6 27.Bxd6 Rxd6 28.
h4 h6 29.Qf4 Rf6 30.Qd4 Qf5 31.Kh2 Rc8 32.Rac1 Bb7 33.f4 Rg6 34.Re3 Rf8 
35.Rce1 Bc8 36.Qd3 Qh3+ 37.Kg1 Bf5 38.Qd2 Rxg3+ 39.Rxg3 Qxg3+ 40.Kh1 Bg4 
0-1

[Event "24th Panam-ch"]
[Site "Natal BRA"]
[Date "2014.10.20"]
[Round "4"]
[White "Castro Rojas, Oscar Humberto"]
[Black "Caceres Vasquez, Sergio"]
[Result "1-0"]
[WhiteElo "2359"]
[BlackElo "2138"]
[EventDate "2014.10.18"]
[PlyCount "85"]

1.d4 Nf6 2.Bg5 d5 3.Bxf6 exf6 4.c4 dxc4 5.e3 c5 6.Bxc4 cxd4 7.Qxd4 Qxd4 8.
exd4 Bb4+ 9.Nc3 O-O 10.Ne2 Nc6 11.O-O Bd7 12.a3 Be7 13.Rfd1 Rfd8 14.Rac1 
Bf8 15.Ne4 Na5 16.Ba2 Ba4 17.Rd3 Bb5 18.Re3 Bxe2 19.Rxe2 Rxd4 20.g3 Rad8 
21.Kg2 Nc6 22.Rc3 h6 23.b4 Rd3 24.Rec2 Rxc3 25.Rxc3 a6 26.h4 f5 27.Nc5 
Bxc5 28.Rxc5 g6 29.Bd5 Rd6 30.Bxc6 Rxc6 31.Rxc6 bxc6 32.Kf3 g5 33.hxg5 
hxg5 34.Ke3 Kg7 35.Kd4 g4 36.Kc5 f4 37.gxf4 Kf6 38.Kxc6 Kf5 39.a4 Kxf4 40.
b5 axb5 41.axb5 Kf3 42.b6 Kxf2 43.b7 1-0

[Event "24th Panam-ch"]
[Site "Natal BRA"]
[Date "2014.10.20"]
[Round "4"]
[White "Feliciano Ebert, Vanessa"]
[Black "Rezende, Guilherme Vilela"]
[Result "1-0"]
[WhiteElo "2252"]
[BlackElo "2110"]
[EventDate "2014.10.18"]
[PlyCount "99"]

1.e4 c5 2.Nf3 d6 3.Bb5+ Nd7 4.d4 cxd4 5.Qxd4 e5 6.Qd3 Nf6 7.Bg5 a6 8.Bxd7+
Bxd7 9.Nc3 Rc8 10.O-O Be6 11.Bxf6 Qxf6 12.Nd5 Qd8 13.c4 Be7 14.Rfd1 O-O 
15.b3 Rc6 16.a4 f5 17.Nd2 Bg5 18.exf5 Bxf5 19.Ne4 Qe8 20.f3 Qg6 21.a5 Bh4 
22.Rf1 h5 23.Qe2 Bd8 24.Rad1 Rc8 25.b4 Re8 26.Kh1 Kh8 27.Ndc3 Bc7 28.Rd2 
Bb8 29.Rfd1 Re6 30.Ng3 Ba7 31.Nxf5 Qxf5 32.Rxd6 Rxd6 33.Rxd6 Bd4 34.Ne4 
Qf4 35.Qf1 Qe3 36.c5 Rf8 37.Qd1 Kh7 38.Qb1 Kh8 39.Qd1 Kh7 40.Qb1 Kh8 41.
Rd7 Kg8 42.Qd1 h4 43.h3 Rb8 44.Qb1 Rf8 45.Rxb7 Rxf3 46.Ng5 Qxg5 47.gxf3 
Qg3 48.Rb8+ Kf7 49.Qf5+ Ke7 50.Rb7+ 1-0

[Event "24th Panam-ch"]
[Site "Natal BRA"]
[Date "2014.10.20"]
[Round "4"]
[White "Tapia Fuentes, Jaime"]
[Black "Azevedo Junior, Jose Ferreira"]
[Result "0-1"]
[WhiteElo "2208"]
[BlackElo "2088"]
[EventDate "2014.10.18"]
[PlyCount "64"]

1.e4 e5 2.Nf3 Nc6 3.d4 exd4 4.Nxd4 Nf6 5.Nxc6 bxc6 6.Bd3 d5 7.exd5 cxd5 8.
O-O Be7 9.Re1 O-O 10.Nc3 Bb7 11.Ne2 c5 12.c3 Ne4 13.Be3 Bd6 14.Bxe4 dxe4 
15.Bf4 Bxf4 16.Nxf4 Qg5 17.Qc1 Rad8 18.Qe3 Rd6 19.Rad1 Qd8 20.Rb1 Qc7 21.
b4 cxb4 22.cxb4 Rf6 23.g3 Ba8 24.Rec1 Qb7 25.Rc5 h6 26.h4 Rd8 27.Rbc1 Qxb4
28.Rc8 Rd6 29.Qxa7 Bd5 30.a3 Qb2 31.Nxd5 Rxd5 32.Qa8 Qxc1+ 0-1

[Event "24th Panam-ch"]
[Site "Natal BRA"]
[Date "2014.10.20"]
[Round "4"]
[White "Quaranta Neto, Francisco"]
[Black "Vieira, Erico Vinicius Duarte"]
[Result "1-0"]
[WhiteElo "1933"]
[BlackElo "1520"]
[EventDate "2014.10.18"]
[PlyCount "75"]

1.e4 d6 2.d4 Nf6 3.Bd3 g6 4.f4 Bg7 5.Nf3 O-O 6.O-O Na6 7.c3 c5 8.Qe2 Nc7 
9.h3 Rb8 10.Rd1 b6 11.Be3 Bb7 12.dxc5 bxc5 13.Nbd2 Qd7 14.c4 Bc6 15.e5 
Nfe8 16.Ne4 f5 17.Nxc5 dxc5 18.Be4 Qc8 19.Bxc6 Ne6 20.Bd5 Nc7 21.Qf2 Kh8 
22.g3 h6 23.h4 Rd8 24.Rac1 Qa6 25.b3 Qb6 26.Rd2 Nf8 27.Bxc5 Qa5 28.Bxa7 
Rbc8 29.Bb6 Qa3 30.Rcd1 e6 31.Bb7 Rxd2 32.Qxd2 Rb8 33.Bxc7 Rxb7 34.Bd6 
Qa7+ 35.c5 Nd7 36.Qf2 Nb8 37.Nd4 Rd7 38.c6 1-0

[Event "24th Panam-ch"]
[Site "Natal BRA"]
[Date "2014.10.22"]
[Round "6"]
[White "Granda Zuniga, Julio"]
[Black "Barbosa, Evandro Amorim"]
[Result "1-0"]
[WhiteElo "2674"]
[BlackElo "2449"]
[EventDate "2014.10.18"]
[PlyCount "75"]

1.g3 c5 2.Bg2 Nc6 3.c4 g6 4.e4 Bg7 5.Ne2 Nf6 6.Nbc3 O-O 7.d3 d6 8.O-O a6 
9.h3 Rb8 10.a4 Ne8 11.Be3 Nc7 12.d4 cxd4 13.Nxd4 Ne6 14.Nde2 Nc5 15.b3 f5 
16.exf5 Bxf5 17.g4 Be6 18.Rb1 a5 19.Nd5 Bf7 20.Qd2 Kh8 21.Nec3 Bg8 22.Nb5 
Ne5 23.Qe2 Bxd5 24.cxd5 Ned3 25.f4 Qd7 26.Rbd1 Nb4 27.Bd4 Rbe8 28.Bxg7+ 
Kxg7 29.f5 gxf5 30.gxf5 Kh8 31.Nd4 Rg8 32.Ne6 Nxe6 33.fxe6 Qd8 34.Rf7 Rg7 
35.Qb2 Rg8 36.Kh1 Qc7 37.Rc1 Qd8 38.Be4 1-0

[Event "24th Panam-ch"]
[Site "Natal BRA"]
[Date "2014.10.22"]
[Round "6"]
[White "Markzon, Gregory"]
[Black "Cabezas Rojas, Bastian"]
[Result "1/2-1/2"]
[WhiteElo "2160"]
[BlackElo "1942"]
[EventDate "2014.10.18"]
[PlyCount "106"]

1.d4 Nf6 2.c4 e6 3.Nc3 Bb4 4.e3 b6 5.Ne2 Bb7 6.a3 Be7 7.Ng3 d5 8.cxd5 Nxd5
9.Bb5+ c6 10.Bd3 Nxc3 11.bxc3 c5 12.O-O O-O 13.Rb1 Nd7 14.e4 cxd4 15.cxd4 
e5 16.d5 g6 17.Bb2 Bd6 18.Qd2 Nc5 19.Bc2 Ba6 20.Rfe1 Qh4 21.Re3 f6 22.Bc1 
Bc8 23.Bb2 Bd7 24.Ne2 Rae8 25.g3 Qh6 26.Re1 f5 27.exf5 gxf5 28.f4 exf4 29.
Nxf4 Rxe3 30.Rxe3 Ne4 31.Bxe4 fxe4 32.Rxe4 Bxf4 33.Rxf4 Rxf4 34.Qxf4 Qxf4 
35.gxf4 Bf5 36.Kf2 Be4 37.d6 Bf5 38.Ke3 Kf7 39.a4 Ke6 40.Ba3 Bc2 41.a5 Ba4
42.Kd4 Bd7 43.Bb4 Bc6 44.Ke3 Bd7 45.Kf3 Kf5 46.Bc3 Bc6+ 47.Ke3 Bd7 48.Bd4 
bxa5 49.Bxa7 a4 50.Bc5 Be6 51.Kf3 Bd7 52.Ke3 Bc6 53.Ba3 Bd7 1/2-1/2

[Event "24th Panam-ch"]
[Site "Natal BRA"]
[Date "2014.10.22"]
[Round "7"]
[White "El Debs, Felipe De Cresce"]
[Black "Perez Gormaz, Matias"]
[Result "0-1"]
[WhiteElo "2514"]
[BlackElo "2327"]
[EventDate "2014.10.18"]
[PlyCount "40"]

1.d4 Nf6 2.c4 e6 3.Nc3 Bb4 4.e3 c5 5.Ne2 b6 6.a3 Ba5 7.Rb1 Na6 8.g3 Bb7 9.
d5 b5 10.Bg2 bxc4 11.O-O O-O 12.e4 d6 13.Qa4 exd5 14.exd5 Bxc3 15.bxc3 Qc8
16.Qxc4 Nc7 17.Rd1 Ba6 18.Qa2 Qg4 19.Rb2 Qa4 20.Rdd2 Bxe2 0-1

[Event "24th Panam-ch"]
[Site "Natal BRA"]
[Date "2014.10.22"]
[Round "7"]
[White "Schucman, Rebeca Lot"]
[Black "Lunelli, Neuri Antonio"]
[Result "0-1"]
[WhiteElo "1619"]
[BlackElo "1887"]
[EventDate "2014.10.18"]
[PlyCount "40"]

1.d4 Nf6 2.c4 d6 3.Nc3 e5 4.dxe5 dxe5 5.Qxd8+ Kxd8 6.Bg5 c6 7.Nf3 Nd7 8.
Rd1 Kc7 9.e3 Bb4 10.Rc1 Ne4 11.a3 Bxc3+ 12.bxc3 f6 13.Bh4 Ndc5 14.Be2 Be6 
15.O-O Rhd8 16.Bg3 Rd7 17.Nxe5 Nxg3 18.Nxd7 Nxe2+ 19.Kh1 Nxd7 20.Rc2 Bxc4 
0-1

[Event "24th Panam-ch"]
[Site "Natal BRA"]
[Date "2014.10.23"]
[Round "8"]
[White "Jodorcovsky Werjivker, Paulo"]
[Black "Pereira, Silvio Cunha"]
[Result "1/2-1/2"]
[WhiteElo "2170"]
[BlackElo "2335"]
[EventDate "2014.10.18"]
[PlyCount "153"]

1.d4 f5 2.Nc3 Nf6 3.Bg5 g6 4.Bxf6 exf6 5.e3 d5 6.Bd3 Be6 7.Qf3 c6 8.h3 Qa5
9.a3 Nd7 10.g4 fxg4 11.hxg4 O-O-O 12.Ne2 Bd6 13.b4 Qc7 14.Na4 Rdf8 15.Nc5 
Bxc5 16.bxc5 Ne5 17.dxe5 fxe5 18.Qg3 Qa5+ 19.c3 e4 20.Bc2 Qxc5 21.g5 Bd7 
22.Qe5 Bg4 23.Qd4 Qe7 24.Qxa7 Bxe2 25.Kxe2 Qxg5 26.Rhf1 Qh5+ 27.Ke1 Qe5 
28.Qa5 g5 29.Rb1 Kb8 30.Qb4 Qc7 31.Bd1 h5 32.Be2 Rf7 33.Qd4 Rhf8 34.Rb2 g4
35.Qb6 Qe5 36.Kd2 Qe6 37.Rfb1 Qd7 38.Rb4 Qc7 39.Qa6 Kc8 40.Qa8+ Qb8 41.Qa6
bxa6 42.Rxb8+ Kc7 43.R1b7+ Kd6 44.Rxf8 Rxb7 45.Rh8 Rb2+ 46.Ke1 Ra2 47.Bxa6
Ra1+ 48.Ke2 Rxa3 49.Bc8 Ra2+ 50.Kf1 g3 51.fxg3 Ra1+ 52.Ke2 Ra2+ 53.Kd1 
Ra1+ 54.Kc2 Ra2+ 55.Kb3 Re2 56.Rxh5 Rxe3 57.Rh6+ Kc7 58.Bf5 Rxg3 59.Kb4 
Rg5 60.Rf6 Rg8 61.c4 dxc4 62.Bxe4 c3 63.Rxc6+ Kd7 64.Rc4 Kd6 65.Bc2 Kd5 
66.Rc7 Ke5 67.Rc6 Rg3 68.Rc8 Kd4 69.Rd8+ Ke5 70.Bd3 c2 71.Bxc2 Rg4+ 72.Kc3
Rg2 73.Re8+ Kf4 74.Re4+ Kf3 75.Re1 Rg7 76.Kd2 Rd7+ 77.Kc3 {resto ileg vel}
1/2-1/2

[Event "24th Panam-ch"]
[Site "Natal BRA"]
[Date "2014.10.24"]
[Round "9"]
[White "Perez Ponsa, Federico"]
[Black "Molina, Roberto Junio Brito"]
[Result "1/2-1/2"]
[WhiteElo "2536"]
[BlackElo "2425"]
[EventDate "2014.10.18"]
[PlyCount "107"]

1.d4 d5 2.c4 c6 3.Nf3 Nf6 4.e3 Bf5 5.Nc3 e6 6.Nh4 Bg6 7.Be2 Nbd7 8.g3 Be7 
9.O-O O-O 10.Nxg6 hxg6 11.b3 Ne4 12.Bb2 Ba3 13.Qc2 Bxb2 14.Qxb2 Nxc3 15.
Qxc3 Qe7 16.Bf3 Nf6 17.Rfd1 Rfe8 18.b4 b5 19.c5 a6 20.a4 Rac8 21.axb5 axb5
22.Ra6 e5 23.Rda1 exd4 24.Qxd4 Qe5 25.Rb6 Qxd4 26.exd4 Rc7 27.Rba6 Kf8 28.
h4 Ng8 29.Ra8 f5 30.g4 fxg4 31.Bxg4 Nf6 32.Bf3 Rxa8 33.Rxa8+ Ke7 34.Kg2 
Ke6 35.Be2 Kf7 36.Kf3 Nd7 37.Bd3 Kf6 38.Kf4 Kf7 39.Be2 Nf8 40.Bg4 Re7 41.
f3 Ne6+ 42.Bxe6+ Rxe6 43.Ra7+ Kg8 44.Rd7 Kf8 45.Rd6 Rf6+ 46.Kg4 Rxd6 47.
cxd6 Kf7 48.Kg5 Ke6 49.f4 Kd7 50.f5 gxf5 51.Kxf5 Kxd6 52.Kg6 Ke6 53.Kg5 
Ke7 54.h5 1/2-1/2

[Event "24th Panam-ch"]
[Site "Natal BRA"]
[Date "2014.10.24"]
[Round "9"]
[White "Mekhitarian, Krikor Sevag"]
[Black "Roselli Mailhe, Bernardo"]
[Result "1-0"]
[WhiteElo "2558"]
[BlackElo "2404"]
[EventDate "2014.10.18"]
[PlyCount "73"]

1.d4 Nf6 2.c4 e6 3.Nf3 Bb4+ 4.Nbd2 d5 5.Qa4+ Nc6 6.a3 Be7 7.e3 O-O 8.Qc2 
Nb8 9.Bd3 b6 10.e4 dxe4 11.Nxe4 Nbd7 12.Neg5 g6 13.h4 Kg7 14.Bf4 Bd6 15.
Bd2 Bb7 16.O-O-O Qe7 17.Rhe1 c5 18.Bc3 cxd4 19.Nxd4 Nc5 20.Be4 Rac8 21.
Bxb7 Bf4+ 22.Kb1 Qxb7 23.Nb5 a6 24.Nd6 Bxd6 25.Rxd6 h6 26.Ne4 Nxe4 27.Rxe4
Qe7 28.Rf4 Qxd6 29.Rxf6 Kh7 30.h5 Qe7 31.hxg6+ Kg8 32.g7 Rfd8 33.Rxh6 f5 
34.Rh8+ Kf7 35.g8=Q+ Rxg8 36.Rh7+ Ke8 37.Qa4+ 1-0

[Event "24th Panam-ch"]
[Site "Natal BRA"]
[Date "2014.10.25"]
[Round "10"]
[White "Granda Zuniga, Julio"]
[Black "Felgaer, Ruben"]
[Result "1-0"]
[WhiteElo "2674"]
[BlackElo "2577"]
[EventDate "2014.10.18"]
[PlyCount "125"]

1.g3 c5 2.Bg2 Nc6 3.c4 g6 4.Nc3 Bg7 5.d3 d6 6.Bd2 Qd7 7.a3 b6 8.b4 Bb7 9.
b5 Ne5 10.Nf3 Nxf3+ 11.Bxf3 Bxf3 12.exf3 e6 13.O-O Ne7 14.Ra2 O-O 15.Qc2 
Nf5 16.Ne2 d5 17.Rb1 Qb7 18.Rb3 Rad8 19.Kg2 Rd7 20.a4 Rfd8 21.Bg5 f6 22.
Be3 g5 23.Ng1 e5 24.a5 g4 25.cxd5 Qxd5 26.Ra4 gxf3+ 27.Nxf3 Kh8 28.axb6 
axb6 29.Qc4 Nxe3+ 30.fxe3 Qxc4 31.dxc4 e4 32.Nh4 Rd2+ 33.Kh3 Rf2 34.Rba3 
Bh6 35.Ra7 Bg5 36.Ng2 Rfd2 37.Rb7 R8d7 38.Rxb6 Rb2 39.Rc6 Kg7 40.Nf4 Bxf4 
41.exf4 h5 42.Rxc5 Kg6 43.g4 hxg4+ 44.Kxg4 Rxh2 45.f5+ Kh6 46.Rh3+ Rxh3 
47.Kxh3 Kg5 48.Rd5 Rc7 49.b6 Rxc4 50.Rb5 Rc8 51.b7 Rh8+ 52.Kg2 Rb8 53.Kg3 
e3 54.Kf3 e2 55.Kxe2 Kf4 56.Kf2 Ke4 57.Kg3 Kd4 58.Kg4 Kc4 59.Rb1 Kd5 60.
Kh5 Ke5 61.Kg6 Rg8+ 62.Kf7 Rb8 63.Rb5+ 1-0